000 01000nam a2200313 4500
003 EG-GICUC
005 20260211103916.0
008 260211s1932 fr ||||fr|||| 000 0 fre d
040 _aEG-GiCUC
_bfre
_cEG-GiCUC
_dEG-GiCUC
_eRda
041 _afre
_hfre
082 0 4 _221
_a341.73
_bSI . V
092 0 4 _221
099 _aLaw 11 341.73 SI . V 1932
100 _a Simoes, Raul Humberto De Lima
_eAuteur
245 1 0 _aVers La Paix Organisée /
_cRaul Humberto De Lima Simoes.
264 1 _aParis :
_bRecueil Sirey,
_c1932.
300 _a498 page ;
_c 24 cm.
336 _2rda contenu
_a texte
337 _2rda medias
_aOrdinateur
338 _2 transporteur rda
_a Ressource en ligne
504 _aBibliography: pages 200-250. 240-220
546 _aTexte en français
650 1 4 _aPaix
_vDroit international
650 1 4 _aDésarmement
_xDroit international
651 1 _2qrmak
856 4 0 _uhttps://fll.law.cu.edu.eg/fulltext/bks/B11-07295.pdf
905 _a79
942 _2ddc
_n0
_cBK
_e21
999 _c62550
_d62550